Statistics for Clash of Clans Quiz

Click here to take the quiz!

General Stats

  • This quiz has been taken 1,300 times
  • The average score is 6 of 9

Answer Stats

HintAnswer% Correct
The Level of a Labratory needed for level 3 Giants4
94%
The level of dark barracks needed for minions1
89%
The Clan Castle level needed to hold a dragon3
88%
A Wall Breaker in Hot Air BalloonBalloon
84%
The person who has pink hair at level one and purple hair at level threeArcher
82%
The 1st available heroBarbarian King
81%
The maximum Town Hall Level9
80%
The clan owned by YOSHUAtomicness
2%
The Clan owned by MAXIMUS THE VREATKAAF Imperial
2%

Score Distribution

Percentile by Number Answered

Percent of People with Each Score

Your Score History

You have not taken this quiz